Actions qui modifient la couleur de la Carte Dresseur dans Pokémon - Statistiques

Statistiques générales
  • Ce quiz a été pris 35 fois
  • Le résultat moyen est 5 sur 10
Answers on the Grid
Answers color-coded by a green-red scale on the quiz's grid according to % correct below.
Avoir terminé toutes les quêtes secondaires du jeu
Obtenir tous les pouvoirs du Heylink
Battre le record à toutes les épreuves du Pokéathlon
Obtenir tous les Pokémon légendaires du jeu
Etre inscrit au Panthéon
Attraper tous les Zarbi
Tourner dans tous les films du Pokéwood
Avoir battu la Ligue au moins 5 fois
Avoir visité toutes les Boutiques de vêtements
Compléter le Pokédex National
Parler à tous les PNJ du jeu
Vaincre 100 Dresseurs à la suite dans la Tour de Combat
Obtenir tous les accessoires du Music-Hall
Obtenir un Ruban Master dans toutes les catégories des Concours
Vaincre 1 Châtelaine Combat en mode Super
Capturer 1 Pokémon chromatique
Avoir mangé dans tous les restaurants d'Illumis
Vaincre tous les Challengers de la Ligue d'Alola
Avoir utilisé Vol sur tous les endroits possibles du jeu
Remporter le Tournoi Champions du Monde au PWT
 
Statistiques - réponses
Réponse % Correct
Battre le record à toutes les épreuves du Pokéathlon
100%
Compléter le Pokédex National
64%
Etre inscrit au Panthéon
64%
Obtenir un Ruban Master dans toutes les catégories des Concours
64%
Tourner dans tous les films du Pokéwood
55%
Remporter le Tournoi Champions du Monde au PWT
45%
Vaincre 100 Dresseurs à la suite dans la Tour de Combat
45%
Vaincre 1 Châtelaine Combat en mode Super
27%
Obtenir tous les accessoires du Music-Hall
18%
Obtenir tous les pouvoirs du Heylink
18%
Aucun quiz correspondant
Distribution des résultats
% des personnes avec chaque résultat
Percentile par nombre de réponses
Votre historique - résultats
Vous n’avez pas pris ce quiz